| 000 | 00607nam a22001817a 4500 | ||
|---|---|---|---|
| 999 |
_c180041 _d180041 |
||
| 005 | 20210722120748.0 | ||
| 010 | _aENG-129611 | ||
| 020 |
_a978-93-86535-23-8 _c949.00 |
||
| 035 | _aEN-113143 | ||
| 037 | _bDBAD/PUB | ||
| 082 | _a331.430954 | ||
| 100 | _aDas, Kumar | ||
| 245 |
_aHappy Wife Unhappy Women: _bA Study on Woman Empowerment In India/ _cBy Kumar Das |
||
| 260 |
_aNew Delhi _bJawahar Publishers & Distributors _c2021 |
||
| 270 |
_a46, Samachar Apartment, _bMayur Vihar-I, New Delhi _e110091 |
||
| 300 |
_a137p. _c21cm(pbk) _bBibliography |
||
| 942 |
_2ddc _cEN _h331.430954 _mDAS |
||